[Event "LEM Nachwuchs M-V u16 vom 08.-11.07.202"]
[Site "MaJuWi Greifswald/Wieck"]
[Date "2021.07.09"]
[Round "3.9"]
[White "Brand, Hannes"]
[Black "Markovych, Leonid"]
[Result "1-0"]
[WhiteElo "1384"]
[BlackElo "1218"]
[PlyCount "85"]
[EventDate "2021.??.??"]
[WhiteTeam "SC Mecklenburger Springer"]
[BlackTeam "TuS Makkabi Rostock"]

1. d4 d5 2. Bf4 Bf5 3. e3 e6 4. c4 Nf6 5. Nc3 Bd6 6. Bg3 O-O 7. Qb3 Bxg3 8.
hxg3 b6 9. Nf3 dxc4 10. Bxc4 h6 11. O-O Nbd7 12. Ba6 Rb8 13. Nb5 Be4 14. Rac1
Bb7 15. Nxc7 Bxa6 16. Nxa6 Rc8 17. Rfd1 Qe7 18. Qb4 Qxb4 19. Nxb4 Nb8 20. Ne5
Kh8 21. Nec6 Nxc6 22. Nxc6 Rc7 23. Ne5 Rfc8 24. Rxc7 Rxc7 25. f3 Kg8 26. e4 Rc8
27. b3 Kf8 28. g4 Ke8 29. Kh2 a5 30. Kg3 Kf8 31. Nc4 Rb8 32. Kf4 Ke7 33. d5
exd5 34. exd5 Nd7 35. Re1+ Kf8 36. d6 Rc8 37. Re7 Rd8 38. Ne5 Nxe5 39. Kxe5 g6
40. f4 f6+ 41. Ke6 h5 42. gxh5 gxh5 43. Rf7+ 1-0

[Event "LEM Nachwuchs M-V u16 vom 08.-11.07.202"]
[Site "MaJuWi Greifswald/Wieck"]
[Date "2021.07.09"]
[Round "3.10"]
[White "Camen, Gerris"]
[Black "Decker, Nils"]
[Result "0-1"]
[WhiteElo "823"]
[BlackElo "1334"]
[PlyCount "42"]
[EventDate "2021.??.??"]
[WhiteTeam "Lok Pritzwalk"]
[BlackTeam "SV Gryps"]

1. e4 e5 2. Nf3 Nc6 3. Bc4 Nf6 4. Nc3 Bc5 5. O-O d6 6. d3 Bg4 7. h3 Bh5 8. a3
Nd4 9. b4 Nxf3+ 10. gxf3 Bd4 11. Bb2 Qd7 12. Kh2 Rg8 13. Rb1 g5 14. Nb5 Bxb2
15. Rxb2 d5 16. exd5 Nxd5 17. Bxd5 Qxb5 18. Bc4 Qc6 19. Kg2 g4 20. b5 gxf3+ 21.
Kh1 Qd7 0-1

[Event "LEM Nachwuchs M-V u16 vom 08.-11.07.202"]
[Site "MaJuWi Greifswald/Wieck"]
[Date "2021.07.10"]
[Round "4.1"]
[White "Tovmasyan, Minas"]
[Black "Großmann, Piet"]
[Result "1/2-1/2"]
[WhiteElo "1771"]
[BlackElo "1902"]
[PlyCount "92"]
[EventDate "2021.??.??"]
[WhiteTeam "TuS Makkabi Rostock"]
[BlackTeam "SAV Torgelow"]

1. d4 Nf6 2. Nf3 e6 3. c4 Bb4+ 4. Nbd2 b6 5. a3 Bxd2+ 6. Bxd2 Bb7 7. g3 O-O 8.
Bg2 d6 9. O-O Qe7 10. Rc1 Nbd7 11. Bc3 Ne4 12. Qd3 f5 13. Nd2 Ndf6 14. f3 Nxd2
15. Qxd2 Nd7 16. e4 fxe4 17. fxe4 e5 18. d5 Rxf1+ 19. Rxf1 Rf8 20. Rxf8+ Qxf8
21. b4 Ba6 22. Qe2 Nf6 23. Bh3 Bc8 24. Bxc8 Qxc8 25. c5 bxc5 26. bxc5 Qb7 27.
cxd6 Qb1+ 28. Kg2 cxd6 29. Bb4 Qxe4+ 30. Qxe4 Nxe4 31. Kf3 Nc5 32. Ke3 Kf7 33.
Kd2 Ke7 34. Kc3 a6 35. Kc4 Nb7 36. Bd2 h6 37. Be3 Kd7 38. g4 Kc7 39. h3 Nd8 40.
Kd3 Nf7 41. h4 h5 42. gxh5 Nh6 43. Ke4 Kd7 44. Bg5 Ke8 45. a4 Kf7 46. Kd3 Ke8
1/2-1/2

[Event "LEM Nachwuchs M-V u16 vom 08.-11.07.202"]
[Site "MaJuWi Greifswald/Wieck"]
[Date "2021.07.10"]
[Round "4.2"]
[White "Le, Tomab Linh"]
[Black "Breß, Aaron"]
[Result "0-1"]
[WhiteElo "1534"]
[BlackElo "1795"]
[PlyCount "50"]
[EventDate "2021.??.??"]
[WhiteTeam "SG Neubrandenburg"]
[BlackTeam "SAV Torgelow"]

1. e4 c6 2. d4 d5 3. exd5 cxd5 4. Bf4 Nc6 5. Nc3 Bf5 6. Bd3 Bxd3 7. Qxd3 Nf6 8.
Nf3 e6 9. O-O Be7 10. Ne5 O-O 11. Rac1 Rc8 12. a3 a6 13. Na2 Qb6 14. Nxc6 Rxc6
15. Qb3 Rfc8 16. Nb4 Bxb4 17. axb4 Qxd4 18. Be3 Qc4 19. Qxc4 Rxc4 20. c3 Ne4
21. f3 Nd6 22. Bc5 Nb5 23. Rfd1 d4 24. Bxd4 Nxd4 25. Rxd4 Rxd4 0-1

[Event "LEM Nachwuchs M-V u16 vom 08.-11.07.202"]
[Site "MaJuWi Greifswald/Wieck"]
[Date "2021.07.10"]
[Round "4.3"]
[White "Tennigkeit, Paul"]
[Black "Röste, Hugo"]
[Result "0-1"]
[WhiteElo "1569"]
[BlackElo "1597"]
[PlyCount "98"]
[EventDate "2021.??.??"]
[WhiteTeam "Lok Pritzwalk"]
[BlackTeam "TuS Makkabi Rostock"]

1. e4 c5 2. Nf3 g6 3. c3 d5 4. exd5 Qxd5 5. d4 e6 6. Be2 Nf6 7. c4 Qd7 8. Nc3
cxd4 9. Qxd4 Nc6 10. Qxd7+ Bxd7 11. Bf4 Bb4 12. Bd2 O-O 13. a3 Bxc3 14. Bxc3
Ne4 15. Rd1 Rfd8 16. Be5 Nxe5 17. Nxe5 Ba4 18. Rd3 Nc5 19. Re3 f6 20. Nd3 Nxd3+
21. Rxd3 Rxd3 22. Bxd3 Rc8 23. Ke2 a6 24. Rb1 Kf7 25. b3 Bd7 26. b4 Ke7 27. c5
Bb5 28. Bxb5 axb5 29. Rd1 Rd8 30. Rxd8 Kxd8 31. Kd3 Kd7 32. h3 h6 33. f3 e5 34.
g4 Ke6 35. Ke3 Kd5 36. Kd3 f5 37. h4 h5 38. g5 Kc6 39. Ke3 b6 40. cxb6 Kxb6 41.
Kd3 Kc6 42. Ke3 Kd6 43. Kd2 Kc6 44. Ke3 Kd5 45. Kd3 f4 46. Kd2 Kd4 47. Ke2 e4
48. fxe4 Kxe4 49. Kf2 f3 0-1

[Event "LEM Nachwuchs M-V u16 vom 08.-11.07.202"]
[Site "MaJuWi Greifswald/Wieck"]
[Date "2021.07.10"]
[Round "4.4"]
[White "Ederle, Artöm"]
[Black "Kruse, Johannes"]
[Result "1/2-1/2"]
[WhiteElo "1591"]
[BlackElo "1448"]
[PlyCount "123"]
[EventDate "2021.??.??"]
[WhiteTeam "Greifswalder SV"]
[BlackTeam "ESV Waren"]

1. f4 d5 2. Nf3 Nf6 3. b3 c5 4. e3 Nc6 5. Bb2 e6 6. Bb5 a6 7. Bxc6+ bxc6 8. Ne5
Bb7 9. c4 Bd6 10. O-O O-O 11. d3 Nd7 12. Qg4 Nxe5 13. fxe5 Be7 14. Nd2 Bg5 15.
Rf3 d4 16. Ne4 Bxe3+ 17. Kh1 Qc7 18. Qh5 Qd8 19. Bc1 Bxc1 20. Rxc1 f6 21. exf6
gxf6 22. Rg3+ Kh8 23. Rg6 Qe8 24. Rh6 Qxh5 25. Rxh5 Rae8 26. Nd6 Re7 27. Rxc5
Ba8 28. Ra5 Rd7 29. Ne4 Ra7 30. b4 Bb7 31. Nd6 Rb8 32. Kg1 Raa8 33. Rc5 Kg7 34.
g4 h6 35. Re1 e5 36. h3 Ra7 37. Rb1 Kg6 38. h4 Kh7 39. b5 axb5 40. cxb5 Ba8 41.
b6 Rxa2 42. b7 Bxb7 43. Nxb7 Ra7 44. Rxc6 Raxb7 45. Rxb7+ Rxb7 46. Rxf6 Rb3 47.
Rf3 e4 48. Rg3 exd3 49. Rg2 Rb1+ 50. Kh2 Re1 51. Kg3 Re2 52. Rg1 d2 53. Rd1 Kg6
54. Kf3 d3 55. Kf4 Kf6 56. g5+ Kg6 57. Kg4 hxg5 58. hxg5 Re4+ 59. Kf3 Re2 60.
Kg4 Rg2+ 61. Kf4 Rxg5 62. Rxd2 1/2-1/2

[Event "LEM Nachwuchs M-V u16 vom 08.-11.07.202"]
[Site "MaJuWi Greifswald/Wieck"]
[Date "2021.07.10"]
[Round "4.5"]
[White "Warda, Valentino"]
[Black "Scharf, Christian"]
[Result "0-1"]
[WhiteElo "1004"]
[BlackElo "1050"]
[PlyCount "41"]
[EventDate "2021.??.??"]
[WhiteTeam "SF Schwerin"]
[BlackTeam "SG Güstrow"]

1. c4 c5 2. g3 Nf6 3. Nc3 d5 4. Bg2 d4 5. Ne4 Nxe4 6. Bxe4 Nc6 7. Qa4 Bd7 8.
Qb3 Qc7 9. d3 e6 10. e3 Rb8 11. Ne2 e5 12. O-O Be7 13. exd4 Nxd4 14. Nxd4 exd4
15. Bf4 Bd6 16. Bxd6 Qxd6 17. Bxb7 O-O 18. Rfe1 Bc6 19. Qd1 Bxb7 20. Qh5 Qc6
21. Re4 0-1

[Event "LEM Nachwuchs M-V u16 vom 08.-11.07.202"]
[Site "MaJuWi Greifswald/Wieck"]
[Date "2021.07.10"]
[Round "4.6"]
[White "Wellßow, Keoki"]
[Black "Breß, Amy Charlize"]
[Result "1/2-1/2"]
[WhiteElo "1510"]
[BlackElo "1551"]
[PlyCount "120"]
[EventDate "2021.??.??"]
[WhiteTeam "TuS Makkabi Rostock"]
[BlackTeam "SAV Torgelow"]

1. c4 c5 2. g3 Nf6 3. Bg2 e6 4. Nf3 Nc6 5. O-O Be7 6. Nc3 O-O 7. d3 d6 8. a3 a6
9. Rb1 Rb8 10. b4 cxb4 11. axb4 b5 12. cxb5 axb5 13. Bf4 e5 14. Bg5 d5 15. Nd2
Be6 16. Bxf6 Bxf6 17. Qc1 Qd7 18. Nb3 Be7 19. Nc5 Qd6 20. Nxe6 fxe6 21. Na2
Rfc8 22. Qd2 Qd8 23. Rfc1 Qb6 24. Rf1 Nd4 25. Rb2 Rc7 26. e3 Nc6 27. e4 d4 28.
Bh3 Nd8 29. f4 Nf7 30. fxe5 Nxe5 31. Qe2 Bf6 32. Rc2 Rbc8 33. Rfc1 Rxc2 34.
Rxc2 Rc6 35. Rxc6 Qxc6 36. Kf2 Bg5 37. Kf1 g6 38. Bg2 Kg7 39. h4 Be3 40. Bh3
Qc8 41. Kg2 Kf6 42. Kh1 Ke7 43. Kg2 Qf8 44. Qc2 Qf3+ 45. Kh2 Qf2+ 46. Qxf2 Bxf2
47. Bf1 Be3 48. Kg2 Kd6 49. Be2 Nc6 50. Kf1 Bd2 51. Bg4 Nxb4 52. Nxb4 Bxb4 53.
Bd1 Bc3 54. Bb3 e5 55. Ke2 Kc5 56. Kd1 Kb4 57. Bg8 h6 58. Bf7 g5 59. hxg5 hxg5
60. g4 Ka3 1/2-1/2

[Event "LEM Nachwuchs M-V u16 vom 08.-11.07.202"]
[Site "MaJuWi Greifswald/Wieck"]
[Date "2021.07.10"]
[Round "4.7"]
[White "Kirchner, Bao Long Marc"]
[Black "Brand, Hannes"]
[Result "1-0"]
[WhiteElo "1224"]
[BlackElo "1384"]
[PlyCount "39"]
[EventDate "2021.??.??"]
[WhiteTeam "TuS Makkabi Rostock"]
[BlackTeam "SC Mecklenburger Springer"]

1. e4 c5 2. Nf3 d6 3. d4 cxd4 4. Nxd4 Nf6 5. Nc3 a6 6. Be3 e5 7. Nb3 Be7 8. f3
Be6 9. Qd2 O-O 10. O-O-O a5 11. Bb5 Qc8 12. g4 Nc6 13. Kb1 Nb4 14. a3 Bxb3 15.
cxb3 Na6 16. Rc1 Nc5 17. Bc4 Qc7 18. h4 Rfd8 19. Ka2 Qc6 20. h5 1-0

[Event "LEM Nachwuchs M-V u16 vom 08.-11.07.202"]
[Site "MaJuWi Greifswald/Wieck"]
[Date "2021.07.10"]
[Round "4.8"]
[White "Decker, Nils"]
[Black "Subocz, Gabriel"]
[Result "1/2-1/2"]
[WhiteElo "1334"]
[BlackElo "1380"]
[PlyCount "65"]
[EventDate "2021.??.??"]
[WhiteTeam "SV Gryps"]
[BlackTeam "SAV Torgelow"]

1. e4 d6 2. Nc3 Nf6 3. Bc4 g6 4. d3 Bg7 5. Nge2 O-O 6. Be3 h6 7. Qd2 Kh7 8.
O-O-O c6 9. d4 b5 10. Bd3 a5 11. Rdg1 Ng4 12. h3 Nxe3 13. Qxe3 Nd7 14. g4 Rh8
15. f4 b4 16. Na4 Nb6 17. b3 Nxa4 18. bxa4 Be6 19. Kb2 c5 20. c4 cxd4 21. Qc1
Bd7 22. f5 Bxa4 23. Nf4 Rb8 24. fxg6+ fxg6 25. Rf1 Be8 26. h4 Qd7 27. Rhg1 a4
28. Qc2 a3+ 29. Ka1 Qa4 30. Qxa4 Bxa4 31. e5 Be8 32. exd6 exd6 33. h5 1/2-1/2

[Event "LEM Nachwuchs M-V u16 vom 08.-11.07.202"]
[Site "MaJuWi Greifswald/Wieck"]
[Date "2021.07.10"]
[Round "4.9"]
[White "Ahmed Ibrahim, Labed"]
[Black "Hampe, Tobias"]
[Result "1/2-1/2"]
[WhiteElo "1215"]
[BlackElo "1247"]
[PlyCount "68"]
[EventDate "2021.??.??"]
[WhiteTeam "SV Motor Wolgast"]
[BlackTeam "Lok Pritzwalk"]

1. c4 Nf6 2. Nc3 d6 3. g3 g6 4. Bg2 Bg7 5. e4 c5 6. Nge2 O-O 7. O-O Nc6 8. d3
Bg4 9. f3 Bd7 10. Be3 e5 11. Qd2 Nd4 12. Bg5 Qa5 13. f4 Bg4 14. Nc1 Nd7 15. Be7
Rfe8 16. Bxd6 Re6 17. fxe5 Bxe5 18. Bxe5 Nxe5 19. Qf4 Rf8 20. h3 Nxd3 21. Nxd3
Be2 22. Ne5 Bxf1 23. Rxf1 Qxc3 24. bxc3 Ne2+ 25. Kf2 Nxf4 26. gxf4 Rd8 27. Ke3
g5 28. Nd3 gxf4+ 29. Rxf4 Red6 30. Nxc5 b6 31. Nb3 Rd3+ 32. Ke2 Rxc3 33. e5
Rc2+ 34. Kf3 Rd3+ 1/2-1/2

[Event "LEM Nachwuchs M-V u16 vom 08.-11.07.202"]
[Site "MaJuWi Greifswald/Wieck"]
[Date "2021.07.10"]
[Round "4.10"]
[White "Markovych, Leonid"]
[Black "Camen, Gerris"]
[Result "1-0"]
[WhiteElo "1218"]
[BlackElo "823"]
[PlyCount "113"]
[EventDate "2021.??.??"]
[WhiteTeam "TuS Makkabi Rostock"]
[BlackTeam "Lok Pritzwalk"]

1. d4 d5 2. c4 dxc4 3. e3 Bf5 4. Bxc4 Nf6 5. Qb3 e6 6. Nc3 b6 7. Nf3 Ne4 8.
Bb5+ c6 9. Be2 Be7 10. O-O O-O 11. Nxe4 Bxe4 12. Bd2 Nd7 13. Rfc1 c5 14. Qd1
Nf6 15. dxc5 Bxc5 16. Ng5 h6 17. Nxe4 Nxe4 18. Be1 Rc8 19. Bf3 f5 20. Qb3 Re8
21. Bxe4 fxe4 22. Bb4 Qd3 23. Rc3 Qd5 24. Rac1 Qxb3 25. axb3 Red8 26. g3 Rd5
27. Ba3 a5 28. b4 axb4 29. Bxb4 Kh7 30. Ba3 Rcd8 31. Bxc5 bxc5 32. Rxc5 Rxc5
33. Rxc5 Rd2 34. b4 Rb2 35. Rb5 Kg6 36. Rb8 Kf5 37. b5 Kg4 38. Kg2 h5 39. b6 h4
40. gxh4 Kxh4 41. Rg8 Rxb6 42. Rxg7 Rb5 43. h3 Rg5+ 44. Rxg5 Kxg5 45. Kg3 Kh5
46. h4 Kg6 47. Kg4 Kh6 48. h5 Kg7 49. Kg5 Kh7 50. h6 Kg8 51. Kf6 Kh7 52. Kxe6
Kxh6 53. Ke5 Kg5 54. Kxe4 Kf6 55. f4 Ke6 56. f5+ Kf6 57. Kf4 1-0

[Event "LEM Nachwuchs M-V u16 vom 08.-11.07.202"]
[Site "MaJuWi Greifswald/Wieck"]
[Date "2021.07.10"]
[Round "5.1"]
[White "Breß, Aaron"]
[Black "Tovmasyan, Minas"]
[Result "0-1"]
[WhiteElo "1795"]
[BlackElo "1771"]
[PlyCount "44"]
[EventDate "2021.??.??"]
[WhiteTeam "SAV Torgelow"]
[BlackTeam "TuS Makkabi Rostock"]

1. e4 c5 2. Nf3 e6 3. d4 cxd4 4. Nxd4 a6 5. Nc3 Qc7 6. g3 g6 7. Bg2 Bg7 8. O-O
Ne7 9. Be3 Nbc6 10. f4 O-O 11. e5 Nxd4 12. Bxd4 Nf5 13. g4 Nxd4 14. Qxd4 d5 15.
Rae1 f5 16. gxf5 Rxf5 17. Bh3 Rf8 18. Na4 b5 19. Nc5 Qe7 20. Qb4 Re8 21. c3 Bf8
22. Nd3 Qh4 0-1

[Event "LEM Nachwuchs M-V u16 vom 08.-11.07.202"]
[Site "MaJuWi Greifswald/Wieck"]
[Date "2021.07.10"]
[Round "5.2"]
[White "Großmann, Piet"]
[Black "Röste, Hugo"]
[Result "1-0"]
[WhiteElo "1902"]
[BlackElo "1597"]
[PlyCount "57"]
[EventDate "2021.??.??"]
[WhiteTeam "SAV Torgelow"]
[BlackTeam "TuS Makkabi Rostock"]

1. e4 c5 2. Nf3 e6 3. d4 cxd4 4. Nxd4 a6 5. Nc3 Qc7 6. g3 Nc6 7. Bg2 Nf6 8. O-O
Be7 9. Be3 O-O 10. g4 d6 11. g5 Nd7 12. f4 Nxd4 13. Bxd4 f6 14. f5 fxg5 15.
fxe6 Rxf1+ 16. Bxf1 Nf6 17. Nd5 Nxd5 18. exd5 Bf6 19. Bxf6 gxf6 20. Qd4 Kg7 21.
Bd3 b6 22. Qe4 Kf8 23. Rf1 Qg7 24. Qb4 Qe7 25. Qxb6 Kg7 26. Be4 Qa7 27. Qxa7+
Rxa7 28. Kf2 Rc7 29. Ke3 1-0

[Event "LEM Nachwuchs M-V u16 vom 08.-11.07.202"]
[Site "MaJuWi Greifswald/Wieck"]
[Date "2021.07.10"]
[Round "5.3"]
[White "Scharf, Christian"]
[Black "Ederle, Artöm"]
[Result "1-0"]
[WhiteElo "1050"]
[BlackElo "1591"]
[PlyCount "111"]
[EventDate "2021.??.??"]
[WhiteTeam "SG Güstrow"]
[BlackTeam "Greifswalder SV"]

1. e4 c5 2. Nc3 Nc6 3. Nge2 e6 4. g3 Nf6 5. Bg2 d5 6. exd5 exd5 7. d4 Be6 8.
O-O Be7 9. dxc5 O-O 10. Bg5 d4 11. Nb5 Bc4 12. Bxc6 bxc6 13. Nbxd4 Bxc5 14. c3
h6 15. Bxf6 Qxf6 16. Qc2 Rfe8 17. Rfe1 g5 18. b3 Bd5 19. Qf5 Qd6 20. Rad1 Re5
21. Qc2 Qf6 22. b4 Bb6 23. c4 Be4 24. Qd2 c5 25. bxc5 Bxc5 26. Nc3 Bb7 27. Rxe5
Qxe5 28. Nc2 Qf5 29. Nd5 Rd8 30. Kg2 Ba6 31. Nce3 Bxe3 32. Qxe3 Kh7 33. Ne7
Bb7+ 34. Nd5 Qe6 35. Qd3+ Kg8 36. Kg1 Kg7 37. Qd4+ f6 38. Qd3 Qd7 39. Qd2 Ba6
40. Qd4 Qf7 41. f3 Bc8 42. Kg2 Rd6 43. Qc5 Qd7 44. g4 Re6 45. Kf2 Kg6 46. Nf4+
gxf4 47. Rxd7 Bxd7 48. Qxa7 Rd6 49. h4 f5 50. gxf5+ Bxf5 51. c5 Rc6 52. Qa8
Rxc5 53. Qg8+ Kh5 54. Qf7+ Bg6 55. Qxf4 Bf5 56. a4 1-0

[Event "LEM Nachwuchs M-V u16 vom 08.-11.07.202"]
[Site "MaJuWi Greifswald/Wieck"]
[Date "2021.07.10"]
[Round "5.4"]
[White "Kruse, Johannes"]
[Black "Le, Tomab Linh"]
[Result "0-1"]
[WhiteElo "1448"]
[BlackElo "1534"]
[PlyCount "74"]
[EventDate "2021.??.??"]
[WhiteTeam "ESV Waren"]
[BlackTeam "SG Neubrandenburg"]

1. e4 d6 2. d4 Nf6 3. Nc3 g6 4. Nf3 Bg7 5. Be3 O-O 6. Qd2 Nc6 7. O-O-O Bd7 8.
h3 e5 9. d5 Nb8 10. g4 Na6 11. Ne1 Re8 12. f3 Nc5 13. Nd3 b6 14. Be2 h5 15. Rh2
Kh7 16. Rdh1 Rg8 17. Rg1 Qf8 18. Kb1 Rd8 19. Nd1 c6 20. c4 b5 21. Nxc5 dxc5 22.
Nc3 cxd5 23. cxd5 a6 24. d6 c4 25. Rd1 Rb8 26. Nd5 Nxd5 27. Qxd5 Be6 28. Qd2
Qd8 29. f4 exf4 30. Bxf4 b4 31. e5 Qa5 32. Qe1 g5 33. Bc1 Bxe5 34. Rg2 c3 35.
Bd3+ Kh6 36. b3 Bxb3 37. axb3 c2+ 0-1

[Event "LEM Nachwuchs M-V u16 vom 08.-11.07.202"]
[Site "MaJuWi Greifswald/Wieck"]
[Date "2021.07.10"]
[Round "5.5"]
[White "Breß, Amy Charlize"]
[Black "Tennigkeit, Paul"]
[Result "1/2-1/2"]
[WhiteElo "1551"]
[BlackElo "1569"]
[PlyCount "58"]
[EventDate "2021.??.??"]
[WhiteTeam "SAV Torgelow"]
[BlackTeam "Lok Pritzwalk"]

1. e4 e5 2. Nf3 Nc6 3. Bb5 a6 4. Ba4 Nf6 5. O-O b5 6. Bb3 Be7 7. Re1 O-O 8. a4
Bb7 9. c3 d5 10. exd5 Nxd5 11. d4 exd4 12. Nxd4 Nxd4 13. Qxd4 Bf6 14. Qd1 Re8
15. h3 Rxe1+ 16. Qxe1 Qd7 17. Nd2 Nf4 18. Ne4 Bxe4 19. Bxf4 Re8 20. Qd2 Qxd2
21. Bxd2 Bd3 22. axb5 axb5 23. g3 g6 24. Re1 Rxe1+ 25. Bxe1 b4 26. cxb4 Bxb2
27. Bd2 Kg7 28. Be3 Be5 29. Bc5 Bb5 1/2-1/2

[Event "LEM Nachwuchs M-V u16 vom 08.-11.07.202"]
[Site "MaJuWi Greifswald/Wieck"]
[Date "2021.07.10"]
[Round "5.6"]
[White "Kirchner, Bao Long Marc"]
[Black "Wellßow, Keoki"]
[Result "0-1"]
[WhiteElo "1224"]
[BlackElo "1510"]
[PlyCount "86"]
[EventDate "2021.??.??"]
[WhiteTeam "TuS Makkabi Rostock"]
[BlackTeam "TuS Makkabi Rostock"]

1. e4 g6 2. Nf3 Bg7 3. Nc3 d6 4. d4 Nf6 5. Be3 O-O 6. Qd2 a6 7. O-O-O b5 8. a3
Bb7 9. d5 c6 10. Be2 cxd5 11. exd5 Nbd7 12. Ng5 Nb6 13. Bxb6 Qxb6 14. f3 Rac8
15. Kb1 Qc7 16. Rc1 Qc5 17. Nce4 Nxe4 18. Nxe4 Qxd5 19. Qxd5 Bxd5 20. Bd3 Bc4
21. Rhd1 h6 22. b3 Be6 23. h4 Ra8 24. g4 Rfb8 25. Nf2 a5 26. Be4 Ra7 27. Nh3 a4
28. b4 Rc7 29. Nf4 Bd7 30. Nd5 Rc4 31. Nxe7+ Kf8 32. Nd5 Be6 33. Re1 f5 34.
gxf5 gxf5 35. Bd3 Bxd5 36. Bxc4 Bxc4 37. Rcd1 Be5 38. Rg1 Bf7 39. Rg2 f4 40.
Re1 Rc8 41. Rf1 Rc3 42. Rd2 Rxa3 43. Rd3 Ra1# 0-1

[Event "LEM Nachwuchs M-V u16 vom 08.-11.07.202"]
[Site "MaJuWi Greifswald/Wieck"]
[Date "2021.07.10"]
[Round "5.7"]
[White "Subocz, Gabriel"]
[Black "Ahmed Ibrahim, Labed"]
[Result "1-0"]
[WhiteElo "1380"]
[BlackElo "1215"]
[PlyCount "65"]
[EventDate "2021.??.??"]
[WhiteTeam "SAV Torgelow"]
[BlackTeam "SV Motor Wolgast"]

1. e4 e6 2. d4 d5 3. Nc3 Bb4 4. exd5 exd5 5. Bd2 Nf6 6. Qe2+ Be6 7. Nf3 O-O 8.
O-O-O Nbd7 9. Qe1 Re8 10. Bd3 c6 11. Qg1 b5 12. h3 Bxc3 13. Bxc3 Ne4 14. Bd2 f5
15. g4 Rb8 16. Ne5 Qc7 17. Bf4 Rb7 18. f3 Nd6 19. Qg3 Nxe5 20. Bxe5 Rd8 21.
gxf5 Bxf5 22. Bxf5 Nxf5 23. Bxc7 Nxg3 24. Bxd8 Nxh1 25. Rxh1 Rd7 26. Ba5 Kf7
27. Kd2 Kf6 28. h4 Kf5 29. Ke3 Re7+ 30. Kf2 h5 31. Rg1 g6 32. Rg5+ Kf6 33. Bd8
1-0

[Event "LEM Nachwuchs M-V u16 vom 08.-11.07.202"]
[Site "MaJuWi Greifswald/Wieck"]
[Date "2021.07.10"]
[Round "5.8"]
[White "Warda, Valentino"]
[Black "Decker, Nils"]
[Result "1-0"]
[WhiteElo "1004"]
[BlackElo "1334"]
[PlyCount "65"]
[EventDate "2021.??.??"]
[WhiteTeam "SF Schwerin"]
[BlackTeam "SV Gryps"]

1. c4 e5 2. g3 Nc6 3. Bg2 Nf6 4. Nc3 d6 5. e3 Be6 6. b3 d5 7. cxd5 Nxd5 8. Nge2
Bc5 9. O-O O-O 10. Bb2 Qd7 11. d4 Be7 12. e4 Nxc3 13. Bxc3 exd4 14. Nxd4 Nxd4
15. Bxd4 Rad8 16. Bxa7 b6 17. Qxd7 Rxd7 18. e5 Ra8 19. Bxa8 Rd8 20. Bg2 Bc5 21.
Rfd1 Rc8 22. Bb7 Re8 23. Bc6 Rf8 24. Rab1 Bg4 25. Re1 Bb4 26. Re3 Bc5 27. Rc3
Bf5 28. Rf1 Rd8 29. Bf3 Rc8 30. g4 Be6 31. Rd1 h6 32. Rcd3 Be7 33. a4 1-0

[Event "LEM Nachwuchs M-V u16 vom 08.-11.07.202"]
[Site "MaJuWi Greifswald/Wieck"]
[Date "2021.07.10"]
[Round "5.9"]
[White "Hampe, Tobias"]
[Black "Markovych, Leonid"]
[Result "0-1"]
[WhiteElo "1247"]
[BlackElo "1218"]
[PlyCount "50"]
[EventDate "2021.??.??"]
[WhiteTeam "Lok Pritzwalk"]
[BlackTeam "TuS Makkabi Rostock"]

1. e4 c5 2. Nf3 e6 3. d4 cxd4 4. Nxd4 a6 5. Be2 Qc7 6. Be3 Nf6 7. Nd2 Be7 8.
O-O O-O 9. c3 b5 10. Bf3 Bb7 11. Ne2 d6 12. Rc1 Rc8 13. Qb3 Nbd7 14. c4 bxc4
15. Nxc4 Qb8 16. e5 Bxf3 17. Qxb8 Raxb8 18. gxf3 dxe5 19. Rfd1 Nd5 20. a3 h6
21. f4 exf4 22. Bxf4 Nxf4 23. Nxf4 Nf6 24. f3 Ne8 25. b4 Bg5 0-1

[Event "LEM Nachwuchs M-V u16 vom 08.-11.07.202"]
[Site "MaJuWi Greifswald/Wieck"]
[Date "2021.07.10"]
[Round "5.10"]
[White "Camen, Gerris"]
[Black "Brand, Hannes"]
[Result "0-1"]
[WhiteElo "823"]
[BlackElo "1384"]
[PlyCount "59"]
[EventDate "2021.??.??"]
[WhiteTeam "Lok Pritzwalk"]
[BlackTeam "SC Mecklenburger Springer"]

1. e4 c5 2. Nf3 d6 3. Nc3 Nf6 4. Be2 a6 5. O-O e5 6. a3 h6 7. b4 cxb4 8. axb4
Qc7 9. Bb2 Be6 10. b5 a5 11. h3 d5 12. exd5 Nxd5 13. Nxd5 Bxd5 14. Bxe5 Bd6 15.
Bxg7 Rg8 16. Bxh6 Qd7 17. Kh1 a4 18. c4 Be6 19. Ng1 Rh8 20. g4 Rxh6 21. Rxa4
Rxa4 22. Qxa4 Bxg4 23. Qb3 Bxh3 24. Qe3+ Qe6 25. Qxe6+ Bxe6+ 26. Kg2 Rh2+ 27.
Kf3 Nd7 28. Re1 Ne5+ 29. Ke4 Rxf2 30. Nh3 0-1

[Event "LEM Nachwuchs M-V u16 vom 08.-11.07.202"]
[Site "MaJuWi Greifswald/Wieck"]
[Date "2021.07.11"]
[Round "6.1"]
[White "Tovmasyan, Minas"]
[Black "Le, Tomab Linh"]
[Result "1-0"]
[WhiteElo "1771"]
[BlackElo "1534"]
[PlyCount "83"]
[EventDate "2021.??.??"]
[WhiteTeam "TuS Makkabi Rostock"]
[BlackTeam "SG Neubrandenburg"]

1. d4 Nf6 2. c4 g6 3. Nc3 Bg7 4. e4 d6 5. f3 O-O 6. Be3 e5 7. Nge2 Nc6 8. Qd2
Re8 9. d5 Nb8 10. O-O-O Nbd7 11. g4 a5 12. Ng3 Nc5 13. Kb1 Re7 14. h4 Bxg4 15.
fxg4 Nxg4 16. h5 Qf8 17. Bh3 Nxe3 18. Qxe3 Bh6 19. Qe2 Bf4 20. Rdg1 g5 21. Nf5
Ree8 22. Qf3 h6 23. Nd1 f6 24. Nf2 Kh7 25. Ng4 b6 26. Nfxh6 Qe7 27. Nf5 Qd8 28.
Nf2 Qd7 29. Nd3 Qa4 30. Nxc5 bxc5 31. b3 Rab8 32. Qc3 Qa3 33. Ne3 Bxe3 34. Qxe3
Qb4 35. Rc1 a4 36. Qc3 axb3 37. Qxb3 Qxb3+ 38. axb3 Rxb3+ 39. Kc2 Reb8 40. Rb1
Rxb1 41. Rxb1 Rxb1 42. Kxb1 1-0

[Event "LEM Nachwuchs M-V u16 vom 08.-11.07.202"]
[Site "MaJuWi Greifswald/Wieck"]
[Date "2021.07.11"]
[Round "6.2"]
[White "Großmann, Piet"]
[Black "Scharf, Christian"]
[Result "1-0"]
[WhiteElo "1902"]
[BlackElo "1050"]
[PlyCount "67"]
[EventDate "2021.??.??"]
[WhiteTeam "SAV Torgelow"]
[BlackTeam "SG Güstrow"]

1. e4 c5 2. Nf3 d6 3. d4 cxd4 4. Nxd4 Nf6 5. Nc3 a6 6. Be3 e6 7. f3 b5 8. Qd2
Nbd7 9. g4 b4 10. Na4 h6 11. O-O-O Ne5 12. Qxb4 Bd7 13. Bf4 Rb8 14. Qa3 Qa5 15.
b3 d5 16. Qb2 Bxa4 17. Bxe5 Bd7 18. a4 Rc8 19. Bxf6 gxf6 20. exd5 exd5 21. Bd3
Bb4 22. Bf5 Rc7 23. Bxd7+ Kxd7 24. Nb5 axb5 25. Qxf6 Ba3+ 26. Kb1 Qc3 27. Rxd5+
Kc8 28. Qf5+ Kb7 29. Rxb5+ Ka6 30. Qe5 Qxc2+ 31. Ka1 Rd8 32. Ra5+ Kb7 33. Qb5+
Kc8 34. Ra8# 1-0

[Event "LEM Nachwuchs M-V u16 vom 08.-11.07.202"]
[Site "MaJuWi Greifswald/Wieck"]
[Date "2021.07.11"]
[Round "6.3"]
[White "Wellßow, Keoki"]
[Black "Breß, Aaron"]
[Result "0-1"]
[WhiteElo "1510"]
[BlackElo "1795"]
[PlyCount "64"]
[EventDate "2021.??.??"]
[WhiteTeam "TuS Makkabi Rostock"]
[BlackTeam "SAV Torgelow"]

1. c4 c6 2. Nf3 d5 3. e3 Nf6 4. b3 Bf5 5. Bb2 e6 6. Nc3 Nbd7 7. Be2 Bd6 8. h3
O-O 9. g4 Bg6 10. g5 Ne4 11. h4 Nxc3 12. Bxc3 e5 13. h5 Be4 14. d3 Bxf3 15.
Bxf3 dxc4 16. dxc4 Qe7 17. Qd2 Rad8 18. Rg1 Nc5 19. h6 g6 20. Ke2 f6 21. Qb2
fxg5 22. Bh1 Qf6 23. Rgf1 Qf5 24. Rad1 g4 25. Qa1 Ne4 26. Bxe4 Qxe4 27. Ke1 g3
28. Qb2 gxf2+ 29. Rxf2 Qxe3+ 30. Kf1 Rxf2+ 31. Qxf2 Rf8 32. Qxf8+ Bxf8 0-1